000 00456nam a2200169Ia 4500
008 210210b1988 xxu||||| |||| 00| 0 eng d
020 _a0 632 01963 8
082 _a612.044 DIRO
100 _aDIRIX (A) and others.
245 _aOlympic book of sports medicine.
260 _aLondon
_bBlackwell Scientific Publications
_c1988
300 _axii,692
440 _a1
650 _aOlympic Sports Medicine
690 _aMedical Science
906 _a041671
999 _c91371
_d91371